The tale of cluck and clopper / (Record no. 7653)

MARC details
000 -LEADER
fixed length control field 00864nam a22003017a 4500
001 - CONTROL NUMBER
control field 7653
003 - CONTROL NUMBER IDENTIFIER
control field FISKH
005 - DATE AND TIME OF LATEST TRANSACTION
control field 20250729155840.0
008 - FIXED-LENGTH DATA ELEMENTS--GENERAL INFORMATION
fixed length control field 250729b cb ||||| |||| 00| 0 eng d
020 ## - INTERNATIONAL STANDARD BOOK NUMBER
International Standard Book Number 9781842393185
040 ## - CATALOGING SOURCE
Original cataloging agency FISKH
Language of cataloging eng
Transcribing agency FISKH
Modifying agency FISKH
050 ## - LIBRARY OF CONGRESS CALL NUMBER
Classification number PZ7
082 ## - DEWEY DECIMAL CLASSIFICATION NUMBER
Classification number 823.912
100 ## - MAIN ENTRY--PERSONAL NAME
Personal name Blyton, Enid
245 ## - TITLE STATEMENT
Title The tale of cluck and clopper /
Statement of responsibility, etc. By Enid Blyton
250 ## - EDITION STATEMENT
Edition statement This edition published in 2004
260 ## - PUBLICATION, DISTRIBUTION, ETC.
Place of publication, distribution, etc. London :
Name of publisher, distributor, etc. Alligator Books Limited ,
Date of publication, distribution, etc. 2001.
300 ## - PHYSICAL DESCRIPTION
Extent 21 pages :
Other physical details color illustrations ;
Dimensions 24 cm .
490 ## - SERIES STATEMENT
Series statement Alligator Series 1
Volume/sequential designation Book 1
505 ## - FORMATTED CONTENTS NOTE
Formatted contents note J <br/>
521 8# - TARGET AUDIENCE NOTE
Target audience note 500 <br/>
Source Lexile estimate <br/>
521 8# - TARGET AUDIENCE NOTE
Target audience note J <br/>
Source Raz-Plus <br/>
650 ## - SUBJECT ADDED ENTRY--TOPICAL TERM
Topical term or geographic name entry element Horse
Form subdivision Children Fiction
650 ## - SUBJECT ADDED ENTRY--TOPICAL TERM
Topical term or geographic name entry element Hen
Form subdivision Children Fiction
700 ## - ADDED ENTRY--PERSONAL NAME
Personal name Ward, Sylvia
Relator term Illustrator
942 ## - ADDED ENTRY ELEMENTS (KOHA)
Source of classification or shelving scheme Dewey Decimal Classification
Koha item type Books
Suppress in OPAC No
Holdings
Withdrawn status Lost status Source of classification or shelving scheme Damaged status Not for loan Collection Home library Current library Shelving location Date acquired Total Checkouts Full call number Barcode Date last seen Price effective from Koha item type
    Dewey Decimal Classification     Juvenile Fiction Footprints International School Library Network Toul Tom Poung Campus Footprints International School Library Network Toul Tom Poung Campus TTP Primary Dark Blue Bookshelves 07/29/2025   BLY PZ7 823.912 FISBK00350 07/29/2025 07/29/2025 Books